Statistics for American TV Station Acronyms

Click here to take the quiz!

General Stats

  • This quiz has been taken 28,512 times
    (28,494 since last reset)
  • The average score is 10 of 18

Answer Stats

AcronymStands For% Correct
BBC{British} Broadcasting Corporation
94%
ABC{American} Broadcasting Company
93%
MTV{Music} Television
92%
PBS{Public} Broadcasting Service
79%
NBC{National} Broadcasting Company
77%
HGTV{Home} & {Garden} Television
62%
CMT{Country} {Music} Television
62%
BET{Black} {Entertainment} Television
59%
TLCThe {Learning} Channel
57%
HBOHome {Box} {Office}
56%
HSN{Home} {Shopping} Network
46%
TBS{Turner} Broadcasting System
41%
WE{Women}'{s} Entertainment
37%
CNN{Cable} {News} Network
30%
AMCAmerican {Movie} {Classics}
29%
IFC{Independent} {Film} Channel
24%
CBS{Columbia} Broadcasting System
22%
VH1{Video} {Hits} One
20%

Score Distribution

Percentile by Number Answered

Percent of People with Each Score

Your Score History

You have not taken this quiz since the last reset